000 00291nam a2200121Ia 4500
008 190216s9999||||xx |||||||||||||| ||und||
100 _aDevi Prasad
245 3 _aAn Introduction To Numerical Analysis
260 _bNarosa Pubs House
300 _a386
650 _aMathematics
942 _cBK
999 _c32175
_d32175